| 000 | 00405nam a2200145Ia 4500 | ||
|---|---|---|---|
| 003 | OSt | ||
| 005 | 20260226112313.0 | ||
| 008 | 211028s2019 xx 000 0 und d | ||
| 040 | _cAIMIT LIBRARY | ||
| 041 | _aeng | ||
| 100 |
_aPhilomina, C V; Wright, Rowena. _g1716133 _98110 |
||
| 245 | _aStudy on employee job satisfaction at Big Bazaar / | ||
| 260 |
_aMangalore _bBabu Thomas _c2019 |
||
| 942 |
_2ddc _cPRO |
||
| 999 |
_c219678 _d219678 |
||